000 00456nam a2200193Ia 4500
008 240510s9999 xx 000 0 und d
020 _a0000131259075
041 _aEng
082 _a658.16
082 _bD55
100 _aDONOVAN J.J.
245 0 _aBUSINESS RE-ENGINEERING WITH INFORMATION TECHNOLOGY
260 _bNEW JERSEY : PRENTICE HALL
260 _c1994
300 _a189 p.
650 _aRE-ENGINEERING
942 _2ddc
942 _cRBK
999 _c24664
_d24664
945 _a1
_bMadushi Gamage
_c1
_dMadushi Gamage